000 00900cam a2200193 4500
001 ##L131925
008 051216n2004 000 0 eng u
035 _a(Sirsi) u131925
041 0 _aeng
050 _a338.4369094
_c18
110 2 _aEuroconstruct
_bConference
_n(58th :
_d2004
_cParis)
_94829
245 0 0 _a58th Euroconstruct Conference, Paris
_b2005-2007: prospects for European construction markets
_binternational strategies for business location and their impact on non-residential construction in Europe
260 _aParis
_bBIPE
_c2004
300 _a2
_fv.
_c30cm.
505 2 _aCountry reports: western European countries; eastern European countries
505 2 _aSummary report: 2005-2007: prospects for European construction markets. International strategies for business location and their impact on non-residential construction in Europe
690 _aBUILT ENVIRONMENT
942 _n0
999 _c104905
_d104905